000 00878nam a2200229Ia 4500
001 dia_2057
003 CHAP
005 20251021140219.0
008 220117sS.A. xx 000 0 und d
010 _a172595
040 _cCHAP
082 _a635.65 C7
100 _aCruz León, Artemio
_929466
245 _aCatálogo de recursos genéticos de chayote (sechium edule sw) en el centro regional universitario oriente de la universidad autónoma chapingo /
_c por artemio cruz león y daniel querol lepcovich
260 _aMéxico :
_b UACh, Subdirección de Centros Regionales. Centro Regional Universitario Oriente, Huatusco, Veracruz.,
_cS.A.
300 _a235 p.
650 _a1.Chayote. I.T. II.Querol Lepcovich, Daniel
_9152168
901 _a635.65 C7
902 _aM
905 _a000000S.A. mx A 0000000000esp00
942 _cLIBRO
_2ddc
999 _c172595
_d172595